Project Report on the Brand Loyalty Towards am Rubber Products in Kottayam District / (Record no. 221108)

MARC details
000 -LEADER
fixed length control field 00469nam a22001457a 4500
003 - CONTROL NUMBER IDENTIFIER
control field OSt
005 - DATE AND TIME OF LATEST TRANSACTION
control field 20260128110841.0
008 - FIXED-LENGTH DATA ELEMENTS--GENERAL INFORMATION
fixed length control field 220106b ||||| |||| 00| 0 eng d
040 ## - CATALOGING SOURCE
Transcribing agency AIMIT LIBRARY
100 ## - MAIN ENTRY--PERSONAL NAME
Personal name Sebastian, Twinkle; Godwin, Benny.
9 (RLIN) 12620
245 ## - TITLE STATEMENT
Title Project Report on the Brand Loyalty Towards am Rubber Products in Kottayam District /
260 ## - PUBLICATION, DISTRIBUTION, ETC.
Place of publication, distribution, etc. A M Rubber Industries, Kerala
Name of publisher, distributor, etc. Benny Godwin
Date of publication, distribution, etc. 2017
856 ## - ELECTRONIC LOCATION AND ACCESS
Uniform Resource Identifier <a href="www.amrubbers.in">www.amrubbers.in</a>
942 ## - ADDED ENTRY ELEMENTS (KOHA)
Source of classification or shelving scheme Dewey Decimal Classification
Koha item type Project Report
Holdings
Withdrawn status Lost status Source of classification or shelving scheme Damaged status Not for loan Collection code Home library Current library Date acquired Total Checkouts Barcode Date last seen Copy number Price effective from Koha item type
    Dewey Decimal Classification   Not for loan Project Report MBA St Aloysius Institute of Management & Information Technology St Aloysius Institute of Management & Information Technology 01/06/2022   PRB01396 01/06/2022 1516172 01/06/2022 Project Report